000
00262nam a22001217a 4500
082
_a
158
_b
FRA/M
100
_a
FRANKL,VICTOR .E
245
_a
MAN'S SEARCH FOR MEANING
260
_a
MUMBAI
_b
BETTER YOURSELF BOOKS
300
_a
120
650
_z
MUMBAI
942
_c
BK
999
_c
5115
_d
5115